Handbook of thin film technology /
Guardado en:
| Otros Autores: | , |
|---|---|
| Formato: | Libro |
| Idioma: | English |
| Publicado: |
New York :
McGraw-Hill,
c1970.
|
| Series: | McGraw-Hill handbooks
|
| Materias: | |
| Etiquetas: |
Agregar Etiqueta
Sin Etiquetas, Sea el primero en etiquetar este registro!
|
| LEADER | 00858cam a22002415a 4500 | ||
|---|---|---|---|
| 001 | EIQ.libpla001755 | ||
| 008 | 730419s1970####nyua#####bf###000#0#eng#d | ||
| 005 | 20061220171456.0 | ||
| 245 | 0 | 0 | |a Handbook of thin film technology / |c edited by Leon I. Maissel and Reinhard Glang. |
| 260 | |a New York : |b McGraw-Hill, |c c1970. | ||
| 300 | |a 1 v. (en varias paginaciones) : |b il. ; |c 23 cm. | ||
| 490 | 0 | |a McGraw-Hill handbooks | |
| 504 | |a Incluye referencias bibliográficas. | ||
| 700 | 1 | |a Maissel, Leon I., |e ed. |4 edt | |
| 700 | 1 | |a Glang, Reinhard, |e ed. |4 edt | |
| 082 | 0 | 0 | |a 621.3817/3 |
| 650 | 4 | |a Polímeros |x Películas. | |
| 650 | 4 | |a Películas |x Handbooks, manuales, etc. | |
| 650 | 4 | |a Polymers |x Films. | |
| 650 | 4 | |a Films |x Handbooks, manuals, etc. | |
| 010 | |a 73079497 | ||
| 040 | |a DLC |c DLC |d AR-BbSID | ||
| 859 | |a AR-BbSID |b BIB. PLAPIQUI |h 621.381 7 |i H 192 |k R |p 2764 | ||
